| 000 | 00750 a2200169 4500 | ||
|---|---|---|---|
| 003 | NUST | ||
| 005 | 20230118122204.0 | ||
| 040 | _cNust | ||
| 082 | _a387,HUS | ||
| 100 |
_aHussain, Khalifa Afzal _9106959 |
||
| 245 |
_aThe concept of transport in Quran / _cKhalifa Afzal Hussain |
||
| 260 |
_aLahore _bNew Fine printing _c1987 |
||
| 300 | _a95 .p; | ||
| 505 | _aThe Mysteries in The Quran (Page-9), Communications and Transport (Page-26), Travel Subjective & Objective (Page-34), Maritime Transport (Page-41), The Delug (Page-54), Road Transport (Page-62), The Significance of Transport in Miraj (Page-71), The Concept of Science and Commerce in Quran (Page-80). | ||
| 650 |
_aThe concept of transport in quran _9106960 |
||
| 942 |
_2ddc _cBK _k387,HUS |
||
| 999 |
_c185306 _d185306 |
||